000 00427nam a2200145 a 4500
001 000036367
005 20200930075706.0
008 120116s1969 dr 000 0 spa d
040 _aDO-SdBNP
_bspa
_cBNPHU
100 1 _aBourget, Luis Eduardo
_959047
245 1 0 _aMacabon :
_bestampas de SamanĂ¡ /
_cLuis Eduardo Bourget.
250 _a2a ed. aum.
260 _aSanto Domingo :
_bArte y Cine,
_c1969.
300 _a147 p. ;
_c21 cm.
999 _c35858
_d35858